01178nam a2200193Ia 4500001001000000003001000010008004100020040002500061041001300086100002800099245005100127250001100178260009200189300002700281500026400308501011400572520026400686650003400950L235-7702IT-CnALBA170116s9999||||xx |||||||||||||| ||und|| aIT-CnALBAcIT-CnALBA aITALIANO aGIURLANI GIUSEPPE, SAC. 0aMARIA MAESTRA NOSTRA. NUOVO MAGGIO PREDICATO.  a1a ed. aCINISELLO BALSAMO (MI)bEDIZIONI PAOLINEc1946 [1° Ed.:1946 - Ed.Ling.Originale: 1946] a333 p. (prefazione: 5) aDEVOZIONE A MARIA. PROFEZIE DELL'ANTICO TESTAMENTO SU MARIA. NATIVITÀ NOME DI MARIA IMMACOLATA. PRESENTAZIONE AL TEMPIO. SPOSALIZIO CON GIUSEPPE. ANNUNZIAZIONE. FIAT. VISITAZIONE. MAGNIFICAT. NASCITA DI GESÙ. MADRE DI DIO. PURIIFICAZIONE. FUGA IN EGITTO.  aSocietà San Paolo EM - Piazza San Paolo, 14 - 12051 ALBA (CN) (non commercial uses only) ® Copyright 2017 aDEVOZIONE A MARIA. PROFEZIE DELL'ANTICO TESTAMENTO SU MARIA. NATIVITÀ NOME DI MARIA IMMACOLATA. PRESENTAZIONE AL TEMPIO. SPOSALIZIO CON GIUSEPPE. ANNUNZIAZIONE. FIAT. VISITAZIONE. MAGNIFICAT. NASCITA DI GESÙ. MADRE DI DIO. PURIIFICAZIONE. FUGA IN EGITTO.  aMARIA SS. ANGELI SANTI DEMONI